000 00295nam a22001337a 4500
008 170127b xxu||||| |||| 00| 0 eng d
020 _a9780073138879
041 _aeng
080 _210TH
_a61
100 _a3
101 _aSHM
245 _aCORE CONCEPTS IN HEALTH
_cINSEL, P.M
942 _2udc
_cBK
999 _c3909
_d3909